Statistics for Top 100 Video Games of the 2010's

Click here to take the quiz!

General Stats

  • This quiz has been taken 62 times
  • The average score is 16 of 100

Answer Stats

RankGame% Correct
2.Grand Theft Auto V
80%
3.Minecraft
71%
16.Red Dead Redemption
63%
14.Fortnite
59%
24.Marvel's Spider-Man
57%
1.Red Dead Redemption 2
53%
5.The Last of Us
47%
9.God of War
45%
15.Fallout 4
43%
8.Elder Scrolls V: Skyrim
41%
6.The Legend of Zelda: Breath of the Wild
41%
42.Bloodborne
37%
32.Overwatch
37%
10.Dark Souls
35%
88.Call of Duty: Black Ops
33%
11.The Witcher 3: Wild Hunt
31%
17.Uncharted 4: A Thief's End
29%
34.Fallout: New Vegas
27%
25.Horizon: Zero Dawn
25%
4.Portal 2
25%
95.CSGO
24%
13.Far Cry 3
24%
12.Super Mario Odyssey
24%
38.Bioshock: Infinite
22%
26.Assassin's Creed IV: Black Flag
20%
35.Batman: Arkham City
20%
18.Doom
20%
36.Mass Effect 2
18%
61.Persona 5
18%
78.Pokemon GO!
18%
33.Super Smash Bros. Ultimate
18%
7.Undertale
18%
45.Control
16%
20.Death Stranding
16%
68.Hollow Knight
16%
19.Terraria
16%
29.The Walking Dead
16%
89.Apex Legends
14%
97.Batman: Arkham Knight
14%
70.Battlefield 1
14%
72.Celeste
14%
21.Halo: Reach
14%
64.L.A Noire
14%
31.Resident Evil 2
14%
43.Titanfall 2
14%
23.Batman: Arkham Asylum
12%
22.Cuphead
12%
28.Detroit: Become Human
12%
60.Dishonored
12%
93.Shovel Knight
12%
79.Splatoon
12%
86.Alan Wake
10%
76.Assassin's Creed: Origins
10%
75.Dishonored 2
10%
27.Hitman 2
10%
90.NieR: Automata
10%
67.Super Meat Boy
10%
80.A Plague Tale: Innocence
8%
30.Dark Souls III
8%
39.Disco Elysium
8%
66.Dying Light
8%
48.Hotline Miami
8%
82.Journey
8%
77.Life is Strange
8%
53.Outer Wilds
8%
63.PlayerUnknown's Battlegrounds
8%
51.Rayman Legends
8%
47.Inside
6%
65.Metro Exodus
6%
84.Stardew Valley
6%
37.Animal Crossing: New Leaf
4%
46.Gone Home
4%
57.Just Cause 3
4%
96.Kentucky Route Zero
4%
98.Mortal Kombat 11
4%
69.Ori and the Blind Forest
4%
83.Overcooked
4%
85.Papers, Please
4%
49.Subnautica
4%
62.The Last Guardian
4%
55.Xenoblade Chronicles
4%
91.Hellblade: Senua's Sacrifice
2%
99.Kerbal Space Program
2%
73.Limbo
2%
54.No Man's Sky
2%
94.Phasmophobia
2%
92.P.T.
2%
59.Rock Band 3
2%
41.Superhot
2%
44.The Binding of Isaac
2%
40.What Remains of Edith Finch
2%
56.Wolfenstein: The New Order
2%
100.2048
0%
58.Alien Isolation
0%
81.Firewatch
0%
71.Old Man's Journey
0%
50.Remember Me
0%
87.Spelunky
0%
74.Super Mario Kart 8
0%
52.That Dragon, Cancer
0%

Score Distribution

Percentile by Number Answered

Percent of People with Each Score

Your Score History

You have not taken this quiz